Les expressions de Ravusssss - Statistiques

Statistiques générales
  • Ce quiz a été pris 287 fois
  • Le résultat moyen est 5 sur 18
Statistiques - réponses
Expression % Correct
5 La poutre
81%
2 La couille de loup
67%
1 La poutrelle
53%
10 Atroce
49%
17 Ma biche
35%
4 Mon canard
35%
3 Le braquemard
28%
18 Machine de guerre
26%
13 La fougnasse
23%
12 Magnifique
20%
11 Critique
18%
6 En détente
11%
16 Sois normal
9%
8 Le fionnard
7%
14 C'est quand même pas mal les mecs
5%
15 J'vais me chercher un bout de pâté
5%
7 En mode géant
4%
9 Les melonnasses
2%
Aucun quiz correspondant
Distribution des résultats
% des personnes avec chaque résultat
Percentile par nombre de réponses
Votre historique - résultats
Vous n’avez pas pris ce quiz